000 00581cam a22002174a 4500
005 20250807085423.0
008 250528s ||||||||||||||||||||||||d
035 _a19374
020 _a9608574953
040 _aGR-AtMCL
_bgre
_dGR-AtMCL
_eAACR2
245 1 _aΜΑΡΚΕΤΙΝΓΚ ΜΑΝΑΤΖΜΕΝΤ
250 _a2
260 _bRosili,
_c2002
300 _a658
700 1 _aΠετρωφ Γιαννης
700 1 _aΤζωρτζάκη, Αλεξία
_95622
700 1 _aΤζωρτζάκης, Κώστας
_95623
942 _cBK
999 _c4630
_d4630